Deconstructing higher education reforms in India / (Record no. 59966)

MARC details
000 -LEADER
fixed length control field 00868nam a22002297a 4500
005 - DATE AND TIME OF LATEST TRANSACTION
control field 20111226111045.0
008 - FIXED-LENGTH DATA ELEMENTS--GENERAL INFORMATION
fixed length control field 111226t xxu||||| |||| 00| 0 eng d
010 ## - LCCN (DPL NO)
LC control number ENG-104497
020 ## - INTERNATIONAL STANDARD BOOK NUMBER
International Standard Book Number 9788121210898
Terms of availability 750.00
035 ## - SYSTEM CONTROL NUMBER
System control number EN-88030
037 ## - SOURCE OF ACQUISITION
Source of stock number/acquisition DBAD/PUB
040 ## - CATALOGING SOURCE
Original cataloging agency DPL
Language of cataloging Eng
082 ## - DEWEY DECIMAL CLASSIFICATION NUMBER
Classification number 378.00954
100 ## - MAIN ENTRY--PERSONAL NAME
9 (RLIN) 37371
Personal name Chalam, K.S.
245 00 - TITLE STATEMENT
Title Deconstructing higher education reforms in India /
Statement of responsibility, etc by K.S.Chalam
260 ## - PUBLICATION, DISTRIBUTION, ETC. (IMPRINT)
Place of publication, distribution, etc New Delhi
Name of publisher, distributor, etc Gyan Publishing House
Date of publication, distribution, etc 2011
270 ## - ADDRESS
Address 23, Main Ansari Road, Darya Ganj
City New Delhi
Postal code 110002
300 ## - PHYSICAL DESCRIPTION
Extent 317p.
Dimensions 22cm (Hb)
500 ## - GENERAL NOTE
General note Includes bibliographical references and index
942 ## - ADDED ENTRY ELEMENTS (KOHA)
Source of classification or shelving scheme Dewey Decimal Classification
Item type English Books
Call number suffix CHA
Classification part 378.00954
Holdings
Withdrawn status Lost status Source of classification or shelving scheme Damaged status Not for loan Collection code Home library Current library Date acquired Source of acquisition Cost, normal purchase price Total Checkouts Full call number Barcode Date last seen Copy number Cost, replacement price Koha item type
    Dewey Decimal Classification   Not For Loan Non-fiction D.B.Act.Division D.B.Act.Division 26/12/2011 DBAD / PUB 750.00   378.00954 CHA EN-88030 26/12/2011 1 750.00 English Books

© Delhi Public Library
Hit Counter
free hit counter